000 01507nam a22002775i 4500
001 161233
003 ES-MaACL
005 20251118151644.0
008 980417s1731 sp |||| | spa d
040 _aEXT
_bspa
_cEXT
100 1 _aPacheco Ortiz, Félix.
_988136
245 1 0 _aRayos de luz practica /
_ccon que Don Feliz Pacheco Ortiz ... desvanece las sombras con que el doctor Francisco Sanz ... intentó obscurecer la Hypothesis de Fiebres del doctor Martin Martinez ... y hace resplandecer la particular Hypothesis ... del doctor Luis Enriquez ...
260 _aEn Madrid :
_bEn la Imprenta de Doña Isabel Nicasia Barbaràn ... :
_bVendese en Casa de Pedro del Castillo ...,
_c1731.
300 _a[32], 190, [2] p. ;
_c4º.
530 _aDisponible en formato digital.
597 _aSign.: ¶-4¶4, A-Z4, 2A4.
597 _aPort. con orla tip.
650 0 4 _aFiebre-
_vObras anteriores a 1800.
_912773
700 1 _aSanz, Francisco.
_9132465
700 1 _aMartínez, Martín,
_d1684-1734
_9173203
700 1 _aEnríquez, Luis.
_9126941
852 _aES-MaACL
_jR-3422
_9167277
_dOlim: G-15510
_zCotejado con la relación de obras recuperadas expediente Robo
_zCambio de signatura. Datos tomados del fichero topográfico R
_xEncuadernación en pergamino
_qDeteriorado con hojas reintegradas, las dos últimas afectan al texto
856 _uhttp://bdh-rd.bne.es/viewer.vm?id=0000079786&page=1
_zBiblioteca Digital Hispánica
942 _2udc
999 _c161233
_d161233